| 000 -ლიდერი |
| ფიქსირებული სიგრძის საკონტროლო ველი |
01432nam a2200241Ia 4500 |
| 001 - საკონტროლო ნომერი |
| საკონტროლო ველი |
18368 |
| 003 - საკონტროლო ნომრის იდენტიფიკატორი |
| საკონტროლო ველი |
GE_BSU |
| 005 - ბოლო ოპერაციის თარიღი და დრო |
| საკონტროლო ველი |
20250404132302.0 |
| 008 - ფიქსირებული სიგრძის მონაცემთა ელემენტები - ზოგადი ინფორმაცია |
| ფიქსირებული სიგრძის საკონტროლო ველი |
181216s2004||||ge |||||||||||||| ||geo|| |
| 040 ## - კატალოგიზაციის წყარო |
| Transcribing agency |
GE_BSU |
| 041 ## - ენის კოდი |
| Language code of text/sound track or separate title |
geo |
| 080 ## - უნივერსალური ათობითი კლასიფიკაციის ინდექსი |
| Universal Decimal Classification number |
070 ტ-21 |
| 100 ## - მთავარი ჩანაწერი - პიროვნების სახელი |
| Personal name |
ტალერი, დევიდ |
| 9 (RLIN) |
24736 |
| 245 ## - ცნობა სათაურის შესახებ |
| Title |
მრავალფეროვნების გაშუქების სახელმძღვანელო / |
| Statement of responsibility, etc |
დევიდ ტალერი; წინასიტყვაობა ჯონ ოუენისა; მედიის მრავალფეროვნების ინსტიტუტი. |
| 264 ## - წარმოების, გამოცემის, დისტრიბუციის და სხვა ცნობები |
| გამოცემის, წარმოების, დისტრიბუციის... ადგილი |
თბილისი: |
| გამოცემის, წარმოების, დისტრიბუციის... სახელწოდება |
სეზანი, |
| გამოცემის, წარმოების, დისტრიბუციის... თარიღი |
2004. |
| 300 ## - ფიზიკური აღწერა |
| Extent |
188 გვ.; |
| Other physical details |
21 სმ. |
| 520 ## - SUMMARY, ETC. |
| Summary, etc |
გამოცემულია ევროგაერთიანებისა და ნიდერლანდების საგარეო საქმეთა სამინისტროს მხარდაჭერით |
| 653 ## - INDEX TERM--UNCONTROLLED |
| Uncontrolled term |
მრავალფეროვნების გაშუქების სახელმძღვანელო |
| 700 ## - ADDED ENTRY--PERSONAL NAME |
| Personal name |
ოუენი, ჯონ |
| Relator term |
წინასიტყვაობის ავტორი |
| 9 (RLIN) |
24737 |
| 710 ## - ADDED ENTRY--CORPORATE NAME |
| Corporate name or jurisdiction name as entry element |
მედიის მრავალფეროვნების ინსტიტუტი |
| 9 (RLIN) |
24738 |
| 942 ## - ADDED ENTRY ELEMENTS (KOHA) |
| Koha item type |
წიგნი |
| Source of classification or shelving scheme |
|